| 000 | 00896nam a22002177a 4500 | ||
|---|---|---|---|
| 999 |
_c8347 _d8347 |
||
| 003 | AR-CdUCM | ||
| 008 | 190325b ||||| |||| 00| 0 spa d | ||
| 040 |
_aMUNICIPALIDAD PROVINCIAL DEL CUSCO _cBIBLIOTECA MUNICIPAL DEL CUSCO |
||
| 082 |
_a338.92 / _bG66 |
||
| 100 |
_aGonzales de Olarte, Efraín _98594 |
||
| 245 | _aEconomías regionales del Perú / | ||
| 260 |
_aLima : _bInstituto de estudio peruanos, _c1982. |
||
| 300 |
_a278 páginas ; _bIlustraciones, _c20 cm. |
||
| 440 |
_aAnálisis económico. _n6 _923440 |
||
| 505 | _aRegionalización y demarcaciones territoriales en el Perú -- Balance -- Modo de producción y región -- Acumulación de capital y regiones -- Las regiones en el Perú actual -- Comercio intrarregional e interregional. | ||
| 650 |
_aEconomía regional _923441 |
||
| 650 |
_aRegionalización _93473 |
||
| 650 |
_aPerú _935 |
||
| 942 |
_2ddc _cLIBROS |
||
| 945 | _aacv | ||